Movies Quiz

Random Movies or Famous Quiz

Famous vs. Unfamous Movie Quotes Quiz Stats

 Plays Quiz Updated Feb 20, 2014

Challenge
Share
Tweet
Embed
Score 0/20 Timer 10:00
0 Plays Today
% Correct
I'm not a smart man... but I know what love is.
82.7%
It's okay, honey. I was just talking to the cornfield.
76.7%
Where do you want to be oiled first?
68.6%
Do you know why you're afraid when you're alone? I do.
67.7%
You see, old friend? I brought more soldiers than you did.
65.2%
Don't wear that perfume in court. It wrecks my concentration.
59.4%
Yes, sir, we're next month's garage sale fodder for sure.
58.6%
Uh... everything's under control. Situation normal.
58.2%
I didn't come to the United States to break my ******* back.
57.1%
Is he a pig? He sure eats like one.
57.1%
% Correct
I remember every detail. The Germans wore gray, you wore blue.
56.1%
It's not everyday you find out that you're responsible for 3 billion deaths. He took it pretty well.
48.7%
There's white time in jail and there's colored time in jail.
47.8%
I don't think there's one word that can describe a man's life.
46.9%
You were on the Indianapolis?
46.1%
It can only be attributable to human error.
46%
Memory... is what I have instead of a view.
42.2%
You can either surf, or you can fight!
39.9%
We just put Sir Isaac Newton in the driver's seat.
34.8%
You just start your countdown, and old Bucky'll be back here before you can say 'Blast off!'
31.5%

You're not logged in!

Compare scores with friends on all Sporcle quizzes.
Join for Free
OR
Log In

You Might Also Like...

Show Comments

Extras

Top Quizzes Today


Score Distribution

Your Account Isn't Verified!

In order to create a playlist on Sporcle, you need to verify the email address you used during registration. Go to your Sporcle Settings to finish the process.

Report this User

Report this user for behavior that violates our Community Guidelines.

Details: